[Event "GER-ch"]
[Site "Magdeburg"]
[Date "2020.08.17"]
[Round "2"]
[White "Mons, Leon"]
[Black "Nguyen, Alex Dac Vuong"]
[Result "1-0"]
[WhiteElo "2540"]
[BlackElo "2366"]
[EventDate "2020.08.16"]
[PlyCount "135"]

1. d4 Nf6 2. c4 e6 3. Nc3 Bb4 4. g3 c5 5. Nf3 O-O 6. Bg2 cxd4 7. Nxd4 d5 8. cxd5 Nxd5 9. Qb3 Nc6 10. Nxc6 bxc6 11. O-O Rb8 12. Ne4 Ba6 13. Qc2 Be7 14. a3 Qb6 15. b4 f5 16. Ng5 Bf6 17. Rb1 Rfe8 18. Re1 h6 19. Nh3 c5 20. Bxd5 exd5 21. Nf4 d4 22. Qxf5 Re5 23. Qc2 c4 24. b5 Rxb5 25. Qxc4+ Kh8 26. Rxb5 Qxb5 27. Qf7 Qa5 28. Rf1 Qc5 29. Bd2 Bc4 30. Bb4 Qb5 31. Qxa7 Re8 32. Re1 Kh7 33. Qa5 Qd7 34. Qh5 Bf7 35. Qf3 Bg5 36. Qd3+ Kg8 37. Bd2 Qa4 38. h4 Bf6 39. Bb4 Qc6 40. Qd2 Rc8 41. Nd3 Qe4 42. Qf4 Qe6 43. Qf3 Qd7 44. Nf4 Qb5 45. Qd3 Bc4 46. Qd2 Re8 47. Qc2 Bf7 48. Bd2 Ra8 49. Rb1 Qe8 50. Bb4 Rc8 51. Qf5 Rb8 52. Bd6 Rxb1+ 53. Qxb1 g5 54. Qf5 Kg7 55. hxg5 hxg5 56. Nd3 Bg6 57. Qf3 Be4 58. Qg4 Bg6 59. Nc5 Bh5 60. Ne6+ Kg8 61. Qf5 Qg6 62. Qxg6+ Bxg6 63. Nc5 Bd8 64. Be5 Be7 65. Bxd4 Bxc5 66. Bxc5 Bc2 67. g4 Kf7 68. f3 1-0

[Event "GER-ch"]
[Site "Magdeburg"]
[Date "2020.08.17"]
[Round "2"]
[White "Muckle, Julius"]
[Black "Engel, Luis"]
[Result "1/2-1/2"]
[WhiteElo "2386"]
[BlackElo "2532"]
[EventDate "2020.08.16"]
[PlyCount "93"]

1. d4 Nf6 2. c4 e6 3. Nf3 d5 4. Nc3 Bb4 5. Qa4+ Nc6 6. a3 Bxc3+ 7. bxc3 O-O 8. Bg5 h6 9. Bh4 g5 10. Bg3 Ne4 11. e3 h5 12. Ne5 Nxe5 13. Bxe5 f6 14. Bg3 h4 15. f3 hxg3 16. fxe4 dxe4 17. hxg3 Qd6 18. Kf2 Bd7 19. Qd1 Kg7 20. Qg4 Qc6 21. c5 Rh8 22. Bc4 b6 23. a4 e5 24. Qe2 bxc5 25. Bb5 Qe6 26. Rxh8 Rxh8 27. dxc5 Qf5+ 28. Kg1 Bc8 29. Rd1 Qg4 30. Qxg4 Bxg4 31. Rd2 Rb8 32. Kf2 Kf8 33. Bc6 Bf5 34. g4 Bxg4 35. Bxe4 Ke7 36. Bf3 Be6 37. g4 Rb3 38. Rc2 Bc4 39. Be4 Ra3 40. Kf3 Bb3 41. Rc1 Rxa4 42. Rh1 Kf8 43. Rh8+ Kg7 44. Rh7+ Kg8 45. Rd7 Kf8 46. c6 Rc4 47. Bd5 1/2-1/2

[Event "GER-ch"]
[Site "Magdeburg"]
[Date "2020.08.17"]
[Round "2"]
[White "Parvanyan, Ashot"]
[Black "Koellner, Ruben Gideon"]
[Result "1-0"]
[WhiteElo "2449"]
[BlackElo "2376"]
[EventDate "2020.08.16"]
[PlyCount "47"]

1. e4 d6 2. d4 Nf6 3. Nc3 e5 4. Nf3 Nbd7 5. Rg1 h6 6. g4 Be7 7. h4 exd4 8. Qxd4 c5 9. Qe3 h5 10. gxh5 Nxh5 11. Bd2 Nb6 12. O-O-O Be6 13. Ng5 Nc4 14. Qe1 Nxd2 15. Nxe6 fxe6 16. Bb5+ Kf7 17. Qxd2 Bf6 18. f4 Bd4 19. Rg5 Qa5 20. Bc4 Qb4 21. Bb3 Nf6 22. e5 Nd5 23. Bxd5 exd5 24. Qg2 1-0

[Event "GER-ch"]
[Site "Magdeburg"]
[Date "2020.08.17"]
[Round "2"]
[White "Stern, Rene"]
[Black "Tschernatsch, Johannes"]
[Result "1/2-1/2"]
[WhiteElo "2526"]
[BlackElo "2241"]
[EventDate "2020.08.16"]
[PlyCount "83"]

1. Nf3 Nf6 2. c4 e6 3. Nc3 d5 4. d4 Nbd7 5. Bf4 dxc4 6. e3 Nb6 7. Bxc4 Nxc4 8. Qa4+ Bd7 9. Qxc4 Bd6 10. Bg3 O-O 11. O-O Rc8 12. Ne5 Qe7 13. Qb3 b6 14. Rfd1 Bxe5 15. Bxe5 Bc6 16. Rac1 a6 17. f3 Bb7 18. e4 Rfd8 19. a3 Nd7 20. Bg3 h5 21. Ne2 Nf8 22. Qe3 c5 23. dxc5 Rxd1+ 24. Rxd1 Qxc5 25. Qxc5 Rxc5 26. Nc3 b5 27. Bd6 Rc6 28. Bxf8 Kxf8 29. Rd7 Bc8 30. Ra7 e5 31. Kf2 Be6 32. Ke1 g5 33. Kd2 Kg7 34. Ke3 Rd6 35. g3 Bc4 36. Nd5 Bxd5 37. exd5 Rxd5 38. Rxa6 f5 39. Ra5 Kf6 40. a4 f4+ 41. Ke2 Rd4 42. Rxb5 1/2-1/2

[Event "GER-ch"]
[Site "Magdeburg"]
[Date "2020.08.18"]
[Round "3"]
[White "Dobrikov, Marco"]
[Black "Parvanyan, Ashot"]
[Result "1/2-1/2"]
[WhiteElo "2290"]
[BlackElo "2449"]
[EventDate "2020.08.16"]
[PlyCount "93"]

1. e4 e6 2. d4 d5 3. Nc3 Bb4 4. e5 Ne7 5. a3 Bxc3+ 6. bxc3 c5 7. h4 Qc7 8. Nf3 b6 9. Bb5+ Bd7 10. Bd3 c4 11. Be2 Ba4 12. h5 h6 13. Rh4 Nbc6 14. Rf4 Rf8 15. Nh4 Kd7 16. Kf1 Rae8 17. Bg4 Nd8 18. Ra2 f5 19. exf6 gxf6 20. Ng6 Nxg6 21. hxg6 Kc6 22. Rf3 Qg7 23. Rh3 Rh8 24. Qd2 Reg8 25. Bh5 Nb7 26. Qe2 Re8 27. Bf4 e5 28. Re3 e4 29. Qg4 Rhf8 30. Bxh6 Qxh6 31. g7 Rd8 32. gxf8=Q Rxf8 33. Qg6 Qxg6 34. Bxg6 Nd6 35. f4 f5 36. Rh3 Rg8 37. Rh6 Kc7 38. Kf2 Nb5 39. Bxf5 Nxc3 40. Ra1 Bxc2 41. Rh7+ Kc6 42. Bd7+ Kd6 43. f5 e3+ 44. Kxe3 Rg3+ 45. Kd2 Bd3 46. Rah1 Rxg2+ 47. Kxc3 1/2-1/2

[Event "GER-ch"]
[Site "Magdeburg"]
[Date "2020.08.18"]
[Round "3"]
[White "Engel, Luis"]
[Black "Hess, Max"]
[Result "1-0"]
[WhiteElo "2532"]
[BlackElo "2378"]
[EventDate "2020.08.16"]
[PlyCount "105"]

1. e4 c5 2. Nf3 Nc6 3. Bb5 g6 4. Bxc6 dxc6 5. d3 Bg7 6. h3 Nf6 7. Nc3 Nd7 8. Be3 e5 9. Qd2 h6 10. O-O b6 11. Nh2 Nf8 12. f4 exf4 13. Bxf4 Ne6 14. Be3 Nd4 15. Nd1 Be5 16. Kh1 Qd6 17. Bg1 Be6 18. c3 Nb5 19. a4 Nc7 20. Nf3 Bg3 21. Nf2 f5 22. a5 O-O-O 23. axb6 axb6 24. Ra7 g5 25. exf5 Bxf5 26. b4 cxb4 27. cxb4 Qd5 28. Qe3 Bf4 29. Qxb6 Qb5 30. Rb7 Qxb6 31. Rxb6 Rd6 32. Ne4 Rxd3 33. Nc5 Rd6 34. Nd4 Bd7 35. Nxd7 Kxd7 36. g3 Nd5 37. Rb7+ Kc8 38. Ra7 Be5 39. Rff7 Kb8 40. Nb3 Rf6 41. Rfb7+ Kc8 42. Na5 Nc7 43. Bb6 Rh7 44. Bxc7 Rxc7 45. Ra8+ Kd7 46. Rbb8 Ke6 47. Re8+ Kf5 48. g4+ Kf4 49. Nc4 Bd4 50. Kg2 Rff7 51. Re1 Ra7 52. Nd6 Rfe7 53. Rf8+ 1-0

[Event "GER-ch"]
[Site "Magdeburg"]
[Date "2020.08.18"]
[Round "3"]
[White "Florstedt, Johannes"]
[Black "Mons, Leon"]
[Result "1-0"]
[WhiteElo "2350"]
[BlackElo "2540"]
[EventDate "2020.08.16"]
[PlyCount "107"]

1. e4 c5 2. Nc3 Nc6 3. Nf3 d6 4. d4 cxd4 5. Nxd4 Nf6 6. Bg5 e6 7. Qd2 a6 8. O-O-O Bd7 9. f4 h6 10. Bh4 b5 11. Bxf6 gxf6 12. Kb1 Qb6 13. Nxc6 Bxc6 14. f5 h5 15. fxe6 fxe6 16. Qe1 Kd7 17. g3 b4 18. Nd5 exd5 19. exd5 Bb5 20. Qe6+ Kc7 21. Qf7+ Bd7 22. Bh3 Rd8 23. Rhe1 Kc8 24. Be6 Qb7 25. Qxf6 Rh7 26. Rd4 Bxe6 27. Rc4+ Rc7 28. Rxc7+ Qxc7 29. dxe6 Bg7 30. Qf3 Kb8 31. Re4 Be5 32. Rxb4+ Ka7 33. Qf2+ Ka8 34. Rb6 Qc5 35. e7 Re8 36. Qg2+ d5 37. Rxa6+ Kb7 38. Ra3 Rxe7 39. Rd3 Bc3 40. Rxd5 Qc6 41. bxc3 Kc7 42. Qd2 Qb6+ 43. Kc1 Qg1+ 44. Kb2 Qb6+ 45. Ka3 Kc8 46. Rd4 Ra7+ 47. Ra4 Qc5+ 48. Kb3 Rxa4 49. Kxa4 Qc4+ 50. Ka3 Qc5+ 51. Kb2 Qb6+ 52. Kc1 Qg1+ 53. Qd1 Qxh2 54. Qd6 1-0

[Event "GER-ch"]
[Site "Magdeburg"]
[Date "2020.08.18"]
[Round "3"]
[White "Graf, Alexander"]
[Black "Andre, Gordon"]
[Result "1-0"]
[WhiteElo "2569"]
[BlackElo "2373"]
[EventDate "2020.08.16"]
[PlyCount "67"]

1. Nf3 Nf6 2. g3 d5 3. Bg2 e6 4. O-O Be7 5. d4 O-O 6. c4 c6 7. Nc3 b6 8. Ne5 Nfd7 9. cxd5 exd5 10. Nxd5 Nxe5 11. dxe5 Bb7 12. Nf4 Na6 13. Be3 Qc7 14. e6 f5 15. Rc1 Rad8 16. Qb3 c5 17. Bxb7 Qxb7 18. Rfd1 Kh8 19. Nd5 Rfe8 20. Bf4 h6 21. Be5 Bg5 22. f4 Be7 23. Qf3 Bd6 24. e7 Bxe7 25. Qh5 Bf8 26. Qxh6+ Kg8 27. Qg6 Kh8 28. Qxf5 Nb4 29. Nf6 gxf6 30. Rxd8 Rxd8 31. Qxf6+ Kg8 32. Qxd8 Qe4 33. Qg5+ Kf7 34. Qh5+ 1-0

[Event "GER-ch"]
[Site "Magdeburg"]
[Date "2020.08.18"]
[Round "3"]
[White "Heinemann, Thies"]
[Black "Muckle, Julius"]
[Result "1/2-1/2"]
[WhiteElo "2507"]
[BlackElo "2386"]
[EventDate "2020.08.16"]
[PlyCount "99"]

1. e4 e6 2. d4 d5 3. Nd2 Nf6 4. e5 Nfd7 5. Bd3 c5 6. c3 Nc6 7. Ne2 cxd4 8. cxd4 f6 9. exf6 Nxf6 10. Nf3 Bd6 11. O-O Qc7 12. Nc3 a6 13. Bg5 O-O 14. Rc1 Bd7 15. Re1 Qb6 16. Na4 Qa5 17. Bd2 Bb4 18. Nc3 Qb6 19. a3 Bd6 20. Na4 Qa7 21. Be3 b6 22. h3 Rac8 23. Nc3 Be8 24. Ng5 Bf7 25. Qc2 h6 26. Nxf7 Rxf7 27. Bg6 Rfc7 28. Qe2 b5 29. Rcd1 Kh8 30. g4 Rf8 31. Bb1 g5 32. Kg2 Rg7 33. Rh1 h5 34. b4 Bf4 35. Qd2 Qc7 36. Ne2 e5 37. dxe5 Bxe3 38. Qxe3 Nxe5 39. Nd4 Re8 40. Qc1 Qxc1 41. Rxc1 Nc4 42. Bd3 Nd7 43. Bf5 Nde5 44. gxh5 Rf7 45. Bg6 Nxg6 46. hxg6 Rf4 47. Nf3 Re2 48. Kg3 Nd6 49. Nxg5 Rexf2 50. Nf7+ 1/2-1/2

[Event "GER-ch"]
[Site "Magdeburg"]
[Date "2020.08.18"]
[Round "3"]
[White "Michalowski, Peter"]
[Black "Trifan, Andrei Ioan"]
[Result "1/2-1/2"]
[WhiteElo "2106"]
[BlackElo "2249"]
[EventDate "2020.08.16"]
[PlyCount "88"]

1. e4 e5 2. Nf3 Nc6 3. Bb5 a6 4. Ba4 Nf6 5. Qe2 b5 6. Bb3 Bc5 7. d3 d6 8. Bg5 h6 9. Be3 Bxe3 10. fxe3 Na5 11. O-O O-O 12. Nc3 Re8 13. Qd2 Bb7 14. Rae1 Nxb3 15. axb3 d5 16. Nxd5 Nxd5 17. exd5 Bxd5 18. e4 Be6 19. Qf2 Qd6 20. Nh4 Qd4 21. Qxd4 exd4 22. Nf3 Red8 23. Ra1 a5 24. Ra3 c5 25. Nd2 a4 26. bxa4 bxa4 27. Rfa1 Rab8 28. b3 axb3 29. cxb3 Rb5 30. Ra5 Rdb8 31. Rxb5 Rxb5 32. Ra3 Bg4 33. Kf2 Bd1 34. Ke1 Bc2 35. Ke2 Kh7 36. Ra7 Bxb3 37. Nxb3 Rxb3 38. Rxf7 Rb2+ 39. Kf1 Kg6 40. Rf2 Rb1+ 41. Ke2 Rb2+ 42. Kf3 Rb3 43. Ke2 Rc3 44. Kd2 Ra3 1/2-1/2

[Event "GER-ch"]
[Site "Magdeburg"]
[Date "2020.08.18"]
[Round "3"]
[White "Mueller, Dominik"]
[Black "Hundack, Rolf"]
[Result "0-1"]
[WhiteElo "2252"]
[BlackElo "2126"]
[EventDate "2020.08.16"]
[PlyCount "54"]

1. c4 e5 2. Nc3 Nf6 3. Nf3 Nc6 4. d4 exd4 5. Nxd4 Be7 6. g3 d6 7. Nxc6 bxc6 8. Bg2 Bd7 9. O-O O-O 10. b3 Rb8 11. Qc2 Qc8 12. Rd1 Bf5 13. Qd2 Qd7 14. Bb2 Bh3 15. Bh1 Rfe8 16. e4 Ng4 17. f3 Ne5 18. Ne2 Bf6 19. Rac1 Qe7 20. c5 Rbd8 21. cxd6 Rxd6 22. Qc2 Red8 23. Rxd6 Qxd6 24. f4 Nd3 25. e5 Qb4 26. exf6 Nxc1 27. Bxc1 Qe1# 0-1

[Event "GER-ch"]
[Site "Magdeburg"]
[Date "2020.08.18"]
[Round "3"]
[White "Neurohr, Juergen"]
[Black "Ehmann, Thilo"]
[Result "1-0"]
[WhiteElo "2022"]
[BlackElo "2329"]
[EventDate "2020.08.16"]
[PlyCount "91"]

1. d4 Nf6 2. c4 g6 3. Nc3 Bg7 4. e4 O-O 5. f4 d6 6. Nf3 c5 7. d5 e6 8. Be2 exd5 9. cxd5 Bg4 10. O-O Nbd7 11. h3 Bxf3 12. Bxf3 a6 13. a4 Rb8 14. a5 Ne8 15. g4 h6 16. Qe1 Bf6 17. Be3 b5 18. e5 dxe5 19. Ne4 exf4 20. Bxf4 Bxb2 21. Bxh6 Ng7 22. Rd1 Re8 23. Qf2 Be5 24. Bg5 f6 25. Qh4 Kf7 26. Bg2 Rh8 27. Qf2 Ne8 28. Bxf6 Nexf6 29. g5 Rc8 30. gxf6 Nxf6 31. Ng5+ Kg8 32. Ne6 Qd6 33. Kh1 Rh5 34. Rde1 Bc3 35. Re3 Ng4 36. Qf7+ Kh8 37. Nf4 Nxe3 38. Nxg6+ Qxg6 39. Qxg6 Rh7 40. Rf7 Rh4 41. Qe6 Rg8 42. Qxe3 Bd4 43. Qe7 Rh6 44. Rf8 c4 45. Rxg8+ Kxg8 46. d6 1-0

[Event "GER-ch"]
[Site "Magdeburg"]
[Date "2020.08.18"]
[Round "3"]
[White "Nguyen, Alex Dac Vuong"]
[Black "Gustain, Marc"]
[Result "1/2-1/2"]
[WhiteElo "2366"]
[BlackElo "2173"]
[EventDate "2020.08.16"]
[PlyCount "62"]

1. e4 d5 2. exd5 Qxd5 3. d4 Nc6 4. Nf3 Bg4 5. Be2 O-O-O 6. Be3 e5 7. dxe5 Qxd1+ 8. Bxd1 Nxe5 9. Nbd2 Nxf3+ 10. Nxf3 Ne7 11. h3 Bh5 12. c4 Nc6 13. O-O Be7 14. Nd4 Nxd4 15. Bxh5 Nc2 16. Rad1 Nxe3 17. fxe3 f6 18. Bg4+ Kb8 19. Rxd8+ Rxd8 20. Rd1 Rxd1+ 21. Bxd1 c6 22. Kf2 Kc7 23. Kf3 Kd6 24. Ke4 g6 25. Kd4 c5+ 26. Kd3 Bf8 27. Bf3 b6 28. Bd1 Bh6 29. Bf3 Bf8 30. Bd1 Bh6 31. Bf3 Bf8 1/2-1/2

[Event "GER-ch"]
[Site "Magdeburg"]
[Date "2020.08.18"]
[Round "3"]
[White "Pfreundt, Jakob"]
[Black "Bindrich, Falko"]
[Result "1-0"]
[WhiteElo "2397"]
[BlackElo "2605"]
[EventDate "2020.08.16"]
[PlyCount "179"]

1. e4 c5 2. Nf3 d6 3. d4 cxd4 4. Nxd4 Nf6 5. Nc3 a6 6. f4 e5 7. Nf3 Qc7 8. Bd3 Nbd7 9. a4 b6 10. O-O Bb7 11. Qe1 Be7 12. Kh1 h6 13. Nh4 g6 14. Nf3 Nc5 15. b4 Nxd3 16. cxd3 Rc8 17. Bb2 Nd7 18. Qd2 Bf6 19. Rac1 Qd8 20. Ne2 Rxc1 21. Rxc1 O-O 22. f5 Bg7 23. Ng3 Nf6 24. Qc2 Ne8 25. d4 Qe7 26. d5 h5 27. fxg6 fxg6 28. Ne2 Bh6 29. Rf1 Nf6 30. Bc1 Bxc1 31. Rxc1 Ba8 32. Qd3 Ng4 33. Qc2 b5 34. h3 Nf6 35. a5 Ne8 36. Qd2 Bb7 37. Qe3 Nf6 38. Ng5 Bc8 39. Nf3 Kg7 40. Qg5 Qf7 41. Qe3 Kg8 42. Rc6 Qe7 43. Qh6 Qg7 44. Qxg7+ Kxg7 45. Nc3 Bd7 46. Rxd6 Rc8 47. Nxe5 Rxc3 48. Nxd7 Nxe4 49. Rc6 Rb3 50. Ne5 Rxb4 51. Rxg6+ Kf8 52. Rxa6 Rd4 53. Rb6 Rxd5 54. a6 Rd1+ 55. Kh2 Ra1 56. h4 Nc5 57. Rxb5 Nxa6 58. Nf3 Nc7 59. Rxh5 Ne6 60. Re5 Nd8 61. g4 Nf7 62. Re4 Kg7 63. Kg3 Ra3 64. Kf4 Ra1 65. Rd4 Rf1 66. g5 Rf2 67. Ra4 Rf1 68. Kg4 Rf2 69. Ra6 Rg2+ 70. Kh5 Rf2 71. Nd4 Ne5 72. Ra7+ Kg8 73. Re7 Rf4 74. Rxe5 Rxd4 75. Kh6 Rxh4+ 76. Kg6 Kf8 77. Rf5+ Kg8 78. Ra5 Kf8 79. Ra8+ Ke7 80. Kg7 Rh2 81. g6 Rh1 82. Ra3 Re1 83. Kg8 Rg1 84. g7 Rh1 85. Re3+ Kd7 86. Re4 Kd6 87. Kf7 Rf1+ 88. Kg6 Rg1+ 89. Kf6 Kd7 90. Re5 1-0

[Event "GER-ch"]
[Site "Magdeburg"]
[Date "2020.08.18"]
[Round "3"]
[White "Schulte, Felix"]
[Black "Falke, Isaak"]
[Result "1-0"]
[WhiteElo "2174"]
[BlackElo "2113"]
[EventDate "2020.08.16"]
[PlyCount "55"]

1. d4 d5 2. c4 c6 3. Nc3 Nf6 4. e3 a6 5. Qc2 dxc4 6. Bxc4 b5 7. Be2 Nbd7 8. Nf3 e6 9. O-O Bb7 10. a4 Bd6 11. e4 e5 12. Bg5 O-O 13. Rad1 Qe7 14. dxe5 Bxe5 15. Rxd7 Bxh2+ 16. Nxh2 Qxd7 17. Bxf6 gxf6 18. Ng4 Qe6 19. Qc1 Kh8 20. Qh6 Rg8 21. Nxf6 Rg7 22. Bg4 Qe7 23. Bf5 Qf8 24. Kh1 Qd6 25. Bxh7 Qxf6 26. Qxf6 Kxh7 27. Qf5+ Kh8 28. Rd1 1-0

[Event "GER-ch"]
[Site "Magdeburg"]
[Date "2020.08.18"]
[Round "3"]
[White "Schulz, Lukas"]
[Black "Dubiel, Jacek [POL]"]
[Result "0-1"]
[WhiteElo "2293"]
[BlackElo "2414"]
[EventDate "2020.08.16"]
[PlyCount "52"]

1. e4 e5 2. f4 exf4 3. Nf3 d6 4. d4 g5 5. g3 Bg7 6. gxf4 g4 7. Rg1 Bf6 8. Be3 gxf3 9. Qxf3 Nc6 10. c3 d5 11. e5 Bh4+ 12. Ke2 Bf5 13. Nd2 h5 14. Bh3 Nge7 15. Bf2 Bxf2 16. Kxf2 Qd7 17. Bxf5 Qxf5 18. b4 O-O-O 19. Rg5 Qc2 20. Ke2 Rdg8 21. Rag1 Rg6 22. h4 Kb8 23. R1g2 a6 24. Kf1 Rxg5 25. hxg5 Nf5 26. Kg1 Nh4 0-1

[Event "GER-ch"]
[Site "Magdeburg"]
[Date "2020.08.18"]
[Round "3"]
[White "Tschernatsch, Johannes"]
[Black "Geue, Niklas"]
[Result "0-1"]
[WhiteElo "2241"]
[BlackElo "2050"]
[EventDate "2020.08.16"]
[PlyCount "78"]

1. e4 e6 2. d4 d5 3. Nd2 c5 4. exd5 Qxd5 5. Ngf3 cxd4 6. Bc4 Qd6 7. O-O Nf6 8. Nb3 Nc6 9. Nfxd4 Nxd4 10. Nxd4 a6 11. a4 Qc7 12. b3 Bd6 13. g3 e5 14. Re1 O-O 15. Nf3 Bg4 16. Be2 Rad8 17. Nd2 Bf5 18. Bd3 e4 19. Bc4 Bb4 20. c3 Bxc3 21. Ra2 Qa5 22. Qe2 b5 23. b4 Qc7 24. axb5 axb5 25. Bxb5 Bxb4 26. Ba4 h6 27. Bb3 Qb7 28. Bc4 Bc3 29. Ba3 Rfe8 30. Bc5 Bg4 31. Qe3 Rd3 32. Bxd3 exd3 33. Qxe8+ Nxe8 34. Rxe8+ Kh7 35. Re3 Qd5 36. Ra4 Bh3 37. Ree4 Bxd2 38. Ba3 f5 39. Rad4 Qb7 0-1

[Event "GER-ch"]
[Site "Magdeburg"]
[Date "2020.08.18"]
[Round "3"]
[White "Voege, Tobias"]
[Black "Stern, Rene"]
[Result "1/2-1/2"]
[WhiteElo "2326"]
[BlackElo "2526"]
[EventDate "2020.08.16"]
[PlyCount "80"]

1. c4 e6 2. d4 d5 3. Nc3 Be7 4. Nf3 Nf6 5. Bg5 h6 6. Bh4 O-O 7. e3 b6 8. cxd5 Nxd5 9. Bxe7 Qxe7 10. Nxd5 exd5 11. Rc1 Be6 12. Qb3 c5 13. Qa3 Rc8 14. Be2 Qf8 15. dxc5 bxc5 16. O-O Nd7 17. Bb5 a5 18. Bxd7 Bxd7 19. Rfd1 Be6 20. Rc3 a4 21. Rdc1 c4 22. Nd4 Qxa3 23. Rxa3 Bd7 24. Rac3 a3 25. b3 cxb3 26. Rxc8+ Bxc8 27. Nxb3 Ba6 28. Nd2 Rb8 29. Nb1 Bc4 30. Nxa3 Bxa2 31. Ra1 Rb2 32. h3 Kf8 33. Nb5 Rxb5 34. Rxa2 Rb1+ 35. Kh2 Ke7 36. Ra6 Rb4 37. Kg3 Rc4 38. Kf3 h5 39. Rb6 g6 40. Ra6 Rb4 1/2-1/2

[Event "GER-ch"]
[Site "Magdeburg"]
[Date "2020.08.18"]
[Round "3"]
[White "Weber, Max"]
[Black "Miller, Eduard"]
[Result "1/2-1/2"]
[WhiteElo "2243"]
[BlackElo "2392"]
[EventDate "2020.08.16"]
[PlyCount "90"]

1. Nf3 f5 2. c4 Nf6 3. g3 e6 4. Bg2 d5 5. O-O Be7 6. cxd5 exd5 7. Nc3 O-O 8. e3 a5 9. b3 Nc6 10. Bb2 d4 11. Ne2 dxe3 12. dxe3 Qxd1 13. Rfxd1 a4 14. bxa4 Rxa4 15. Nf4 Bd6 16. Ng5 h6 17. Bxf6 Rxf6 18. Bd5+ Kh8 19. Nf7+ Kh7 20. Bb3 Ra6 21. Nxd6 Rxd6 22. Rxd6 cxd6 23. Rd1 Na5 24. Bd5 g5 25. Ne6 Kg6 26. f4 Bxe6 27. Bxe6 Kf6 28. Bd5 Rb6 29. Rd2 Ke7 30. fxg5 hxg5 31. h4 gxh4 32. gxh4 Rb4 33. Rh2 Kf6 34. h5 Rb1+ 35. Kf2 Rb2+ 36. Kg3 Rxh2 37. Kxh2 Kg5 38. Kg3 b5 39. h6 Kxh6 40. Kf4 Kg6 41. Be6 Kf6 42. Bxf5 Nb7 43. Bd3 b4 44. Ke4 Nc5+ 45. Kd4 Nxd3 1/2-1/2

[Event "GER-ch"]
[Site "Magdeburg"]
[Date "2020.08.18"]
[Round "4"]
[White "Andre, Gordon"]
[Black "Heinemann, Thies"]
[Result "0-1"]
[WhiteElo "2373"]
[BlackElo "2507"]
[EventDate "2020.08.16"]
[PlyCount "92"]

1. d4 Nf6 2. c4 e6 3. Nf3 b6 4. g3 Ba6 5. b3 b5 6. Nbd2 bxc4 7. bxc4 Bb4 8. Qa4 c5 9. Bg2 Bb7 10. O-O O-O 11. Rb1 Bc6 12. Qc2 Bxd2 13. Qxd2 cxd4 14. Ba3 Re8 15. Nxd4 Bxg2 16. Kxg2 a6 17. Qb4 Qc8 18. Qb7 Qxc4 19. Qxa8 Nc6 20. Qxe8+ Nxe8 21. Nxc6 Qxc6+ 22. Kg1 f5 23. Rfd1 Nf6 24. Bb2 Nd5 25. Rd2 Qa4 26. Bd4 Kf7 27. f3 h5 28. Bf2 g5 29. Rb8 g4 30. Rdb2 gxf3 31. exf3 h4 32. Kg2 Qd1 33. Rh8 Qa1 34. Rbb8 Qxa2 35. Kg1 Qa1+ 36. Kg2 Qa2 37. Kg1 hxg3 38. hxg3 Qa1+ 39. Kg2 Nf6 40. Bc5 Qa2+ 41. Kh3 Qc4 42. Rbf8+ Kg6 43. Be7 Qf1+ 44. Kh2 Qf2+ 45. Kh3 Qxf3 46. Rxf6+ Kg7 0-1

[Event "GER-ch"]
[Site "Magdeburg"]
[Date "2020.08.18"]
[Round "4"]
[White "Bindrich, Falko"]
[Black "Neurohr, Juergen"]
[Result "1-0"]
[WhiteElo "2605"]
[BlackElo "2022"]
[EventDate "2020.08.16"]
[PlyCount "37"]

1. Nf3 Nf6 2. c4 g6 3. b3 Bg7 4. Bb2 O-O 5. g3 d6 6. d4 e5 7. dxe5 Nfd7 8. Bg2 Nxe5 9. Nxe5 dxe5 10. Nc3 c6 11. O-O Qc7 12. Qd2 Rd8 13. Qe3 Na6 14. Rad1 Rxd1 15. Rxd1 Bf5 16. h3 Bf8 17. g4 Bc5 18. Qg3 Be6 19. Ne4 1-0

[Event "GER-ch"]
[Site "Magdeburg"]
[Date "2020.08.18"]
[Round "4"]
[White "Engel, Luis"]
[Black "Graf, Alexander"]
[Result "1-0"]
[WhiteElo "2532"]
[BlackElo "2569"]
[EventDate "2020.08.16"]
[PlyCount "87"]

1. e4 e6 2. d4 d5 3. Nd2 c5 4. exd5 Qxd5 5. Ngf3 cxd4 6. Bc4 Qd6 7. O-O Nf6 8. Nb3 Nc6 9. Nbxd4 Nxd4 10. Nxd4 Bd7 11. c3 Be7 12. Qe2 O-O 13. Re1 Rac8 14. Bb3 a5 15. a4 Qb6 16. Bg5 Rfe8 17. Rad1 Rcd8 18. h3 h6 19. Bh4 Nd5 20. Bxe7 Nxe7 21. Qh5 Bc6 22. Re3 Rxd4 23. cxd4 Nf5 24. Red3 Be4 25. Rc3 Nxd4 26. Qg4 f5 27. Qg6 Kf8 28. Rd2 Bc6 29. Bd1 Rd8 30. Rcd3 e5 31. Bb3 Qc7 32. Qh7 Bd5 33. Rc3 Qf7 34. Bxd5 Rxd5 35. Qh8+ Ke7 36. Rc7+ Rd7 37. Rxd7+ Kxd7 38. f4 Kc7 39. fxe5 Nc6 40. e6 Qxe6 41. Qxg7+ Kc8 42. Kh2 Qe3 43. Qg8+ Kc7 44. Qg3+ 1-0

[Event "GER-ch"]
[Site "Magdeburg"]
[Date "2020.08.18"]
[Round "4"]
[White "Falke, Isaak"]
[Black "Mueller, Dominik"]
[Result "1/2-1/2"]
[WhiteElo "2113"]
[BlackElo "2252"]
[EventDate "2020.08.16"]
[PlyCount "81"]

1. c4 e6 2. Nf3 Nf6 3. g3 d5 4. Bg2 Be7 5. d4 O-O 6. O-O dxc4 7. Qc2 a6 8. a4 Bd7 9. Nbd2 a5 10. Nxc4 Bc6 11. Bd2 Be4 12. Qc1 Nc6 13. Bc3 Bd5 14. Ncd2 Ne4 15. Rd1 f5 16. Nxe4 Bxe4 17. Ne1 Bd5 18. Qc2 g5 19. e4 fxe4 20. Bxe4 Bxe4 21. Qxe4 Qd5 22. Qg4 Rad8 23. h4 Qf5 24. Qxf5 Rxf5 25. hxg5 Rxg5 26. Ng2 Kf7 27. Nf4 Bd6 28. Ne2 h5 29. Rd3 Kg6 30. Rad1 Ne7 31. Re3 Kf7 32. Kg2 h4 33. Rh1 Nf5 34. Rf3 hxg3 35. fxg3 Kg6 36. Bd2 Rg4 37. Bxa5 Ra8 38. Bc3 Rxa4 39. Rh8 Ne7 40. Re8 Ra6 41. Ref8 1/2-1/2

[Event "GER-ch"]
[Site "Magdeburg"]
[Date "2020.08.18"]
[Round "4"]
[White "Hundack, Rolf"]
[Black "Nguyen, Alex Dac Vuong"]
[Result "1/2-1/2"]
[WhiteElo "2126"]
[BlackElo "2366"]
[EventDate "2020.08.16"]
[PlyCount "173"]

1. d4 Nf6 2. Nf3 e6 3. e3 c5 4. Bd3 Nc6 5. O-O d5 6. c3 Bd6 7. Nbd2 O-O 8. e4 cxd4 9. cxd4 Nb4 10. Bb1 dxe4 11. Nxe4 Nxe4 12. Bxe4 f5 13. Bd3 Qd7 14. Re1 Re8 15. Bf1 b6 16. a3 Nd5 17. Qb3 Bb7 18. Bb5 Bc6 19. Bxc6 Qxc6 20. Bd2 h6 21. Rac1 Qd7 22. Re2 Rac8 23. Rce1 Rc6 24. Nh4 Rec8 25. Nxf5 Bb8 26. Ng3 Qf7 27. Qd3 Rf8 28. Qe4 Rd6 29. Be3 Nf6 30. Qh4 Rd5 31. Ne4 Bxh2+ 32. Qxh2 Nxe4 33. Qh4 Nd6 34. Qg4 Qf5 35. Qh4 Qg6 36. Qg3 Qxg3 37. fxg3 Nf5 38. Bf2 Nxd4 39. Bxd4 Rxd4 40. Rxe6 Rd2 41. R1e2 Rfd8 42. Re7 Rxe2 43. Rxe2 Rd3 44. Kh2 a5 45. Kh3 Kf7 46. Kg4 Kf6 47. Rc2 Rb3 48. Kf4 h5 49. Rc6+ Kf7 50. Rc7+ Kg6 51. Rc6+ Kh7 52. Rc2 Kh6 53. Rd2 g5+ 54. Kf5 Rxg3 55. Rd6+ Kh7 56. Rxb6 h4 57. Rb7+ Kg8 58. Kg6 Kf8 59. Rf7+ Ke8 60. Rf2 a4 61. Rd2 Ke7 62. Kf5 g4 63. Ke5 h3 64. gxh3 gxh3 65. Rh2 Kd7 66. Kd5 Rg5+ 67. Kc4 Rh5 68. b3 Rh4+ 69. Kc3 axb3 70. Kxb3 Ke6 71. a4 Kf5 72. a5 Kg4 73. a6 Kg3 74. a7 Rh8 75. Rh1 h2 76. Rc1 Ra8 77. Rc3+ Kg4 78. Rc4+ Kf3 79. Rc3+ Kg4 80. Rc4+ Kg5 81. Rc5+ Kg6 82. Rc6+ Kg7 83. Rc1 Rxa7 84. Rh1 Rb7+ 85. Kc3 Rc7+ 86. Kd3 Rd7+ 87. Ke3 1/2-1/2

[Event "GER-ch"]
[Site "Magdeburg"]
[Date "2020.08.18"]
[Round "4"]
[White "Parvanyan, Ashot"]
[Black "Florstedt, Johannes"]
[Result "1-0"]
[WhiteElo "2449"]
[BlackElo "2350"]
[EventDate "2020.08.16"]
[PlyCount "157"]

1. e4 c5 2. Nf3 d6 3. d4 cxd4 4. Nxd4 Nf6 5. Nc3 a6 6. Bg5 Nbd7 7. Qf3 g6 8. O-O-O Qc7 9. h4 h5 10. Qe3 b5 11. a3 Bb7 12. f3 Bg7 13. Be2 Rc8 14. Kb1 Ne5 15. Rhe1 Nc4 16. Bxc4 Qxc4 17. Nb3 Qc7 18. e5 dxe5 19. Qxe5 Qxe5 20. Rxe5 Rc7 21. Rc5 Rxc5 22. Nxc5 Bc8 23. Na2 Nd7 24. Nxd7 Bxd7 25. Nb4 f6 26. Be3 Bc8 27. Bb6 Kf7 28. Rd5 Bh6 29. g3 g5 30. Be3 Bb7 31. Rd7 Bxf3 32. Bc5 Bf8 33. Nxa6 gxh4 34. gxh4 Ke6 35. Rd8 Kf7 36. Nc7 Bc6 37. b3 Bg7 38. Rd2 Rc8 39. Bb6 Bh6 40. Rf2 Rb8 41. Bc5 Rc8 42. Bb6 e5 43. Na6 Kg6 44. Nb4 e4 45. Bd4 f5 46. Rg2+ Kf7 47. Rf2 Ke6 48. Rg2 Be8 49. Rg8 Bf4 50. Rf8 Be5 51. Nc6 Bd6 52. Rf6+ Kd5 53. c4+ bxc4 54. bxc4+ Kxc4 55. Rxd6 Rxc6 56. Rd8 f4 57. Be5 f3 58. Rxe8 e3 59. Bg3 Kd3 60. Bf4 e2 61. Re3+ Kd4 62. Re8 Kd3 63. Re3+ Kc4 64. Re4+ Kb3 65. Bg3 Rg6 66. Bf2 Rg2 67. Bc5 Rh2 68. Rb4+ Kc3 69. Re4 Rh1+ 70. Ka2 e1=Q 71. Rxe1 Rxe1 72. Bb4+ Kd3 73. Bxe1 Ke2 74. Bg3 Kf1 75. a4 Kg2 76. Be1 Kf1 77. Ba5 Kg2 78. Bb6 Kh3 79. a5 1-0